| 000 | 01070cam a22002657a 4500 | ||
|---|---|---|---|
| 001 | 3838 | ||
| 005 | 20260331153646.0 | ||
| 020 | _a9781618103116 | ||
| 040 |
_aDLC _cDLC _dDLC _beng |
||
| 050 | 0 | 0 | _aH8121 |
| 082 | _a823 | ||
| 100 | 1 | _aHord, Colleen | |
| 245 | 1 | 0 |
_aLittle Miss Midge / _cby Colleen Hord ; illustrated by Helen Poole |
| 260 |
_aVero Beach, Florida : _bRourke Educational Media ; _c2013 |
||
| 300 |
_a24 pages : _bcolor illustrations ; _c21 cm . |
||
| 490 | 0 | _aLittle Birdie Books | |
| 505 | _aJ | ||
| 520 | _aMidge is having a hard time organizing her list of things to do. Her friends are coming over for ice cream but her dog keeps needing more bones. When the day is through and nothing on her list is done, the friends arrive but Midge has no ice cream so she decides to take them and her dog out for ice cream. | ||
| 521 |
_a480
_bLexile |
||
| 521 |
_aJ
_bRaz-Plus |
||
| 650 |
_aPoor dog _vFiction |
||
| 700 | 1 |
_aPoole, Helen _d1979- _eillustrator |
|
| 906 |
_a7 _bcbc _corignew _d4 _eepcn _f20 _gy-gencatlg |
||
| 942 |
_2ddc _cBK _n0 |
||
| 999 |
_c3838 _d3838 |
||